000 01349nam a22002897a 4500
999 _c64760
_d64760
005 20240530110749.0
008 181204s2018 ua f b 000 0|ara d
017 _a2017/9696
_bمصر. دار الكتب
020 _a9789778121285
040 _aEG-CaGPL
_cEG-CaGPL
082 0 4 _221
_a327.17 /
_bق/أ ا
100 0 _aأيهاب ابراهيم ابو عيش
245 1 2 _aالاستراتيجية المصرية تجاه جنوب السودان :
_bدراسة فى آثار الانفصال ومحاور التحرك المقترحة /
_cأيهاب ابراهيم ابو عيش
250 _aط.1
260 _aالقاهرة :
_bالمكتب العربى للمعارف،
_c2018.
300 _a290 ص. ؛
_c24 سم.
490 0 _aمكتبة عبدالملك عودة الافريقية
504 _aيشتمل على ارجاعات ببليوجرافية
650 0 7 _2qrmak
_aالعلاقات الخارجية
650 0 7 _2qrmak
_aالعلوم السياسية
651 0 7 _2qrmak
_aالسودان
_xالعلاقات الخارجية
_zمصر
651 0 7 _2qrmak
_aمصر
_xالعلاقات الخارجية
_zالسودان
651 0 7 _2qrmak
_aالسودان
_xالاحوال السياسية
653 0 _aجنوب السودان - الوضع السياسى
942 _2ddc
_cBK